000 00309 a2200157 4500
001 184827
020 _a978-1-4058-6969-0
040 _cMagnum
100 _aHarvey, Paul
240 1 0 _aSurfer!
_lING
245 1 0 _aSurfer!
300 _a28
362 0 _a2008
697 _aLITERATURA INGLESA
942 _cBK
999 _c184827
_d184827